Vývoj a analýza zhodnocovacieho procesu odvetvia stavebníctvo za roky 1993-2006
Analýza vývoja produkcie, hrubej pridanej hodnoty a vývoja ďalších ukazovateľov a spotreby pre odvetvie stavebníctvo. Analýza uskutočnená pomocou komoditno-odvetvových tabuliek dodávok a použitia, ktoré poskytujú štatistické údaje o ekonomickom systéme nielen podľa hlavných ekonomických činností, al...
Gespeichert in:
| 1. Verfasser: | |
|---|---|
| Format: | Buchkapitel |
| Sprache: | Slowakisch |
| Schlagworte: | |
| Tags: |
Keine Tags, Fügen Sie das erste Tag hinzu!
|
MARC
| LEADER | 00000nla$a2200000$$$4500 | ||
|---|---|---|---|
| 001 | 0134326 | ||
| 005 | 20240502072516.6 | ||
| 041 | 0 | |a slo | |
| 044 | |a SK | ||
| 245 | 1 | 0 | |a Vývoj a analýza zhodnocovacieho procesu odvetvia stavebníctvo za roky 1993-2006 |c Matej Valach |
| 520 | |a Analýza vývoja produkcie, hrubej pridanej hodnoty a vývoja ďalších ukazovateľov a spotreby pre odvetvie stavebníctvo. Analýza uskutočnená pomocou komoditno-odvetvových tabuliek dodávok a použitia, ktoré poskytujú štatistické údaje o ekonomickom systéme nielen podľa hlavných ekonomických činností, ale aj podľa jednotlivých sektorov. Analýza za roky 1993-2006. | ||
| 610 | 2 | 0 | |a stavebníctvo |
| 610 | 2 | 0 | |a produkcia |
| 610 | 2 | 0 | |a výroba |
| 610 | 2 | 0 | |a spotreba |
| 610 | 2 | 0 | |a rentabilita |
| 610 | 2 | 0 | |a hodnota pridaná |
| 100 | 1 | |a Valach, Matej | |